| 000 | 01101nam a2200289Ia 4500 | ||
|---|---|---|---|
| 003 | OSt | ||
| 005 | 20221005110544.0 | ||
| 006 | a|||||r|||| 00| 0 | ||
| 007 | ta | ||
| 008 | 221004b |||||||| |||| 00| 0 hin d | ||
| 020 |
_a9788126317332 (hbk) _cINR 170.00 |
||
| 024 | _a37530 | ||
| 037 |
_bBW/1687, 15/03/2018, Bookwell _cTextual |
||
| 040 |
_aCRL _cCRL _bhin |
||
| 041 |
_2hin _ahin |
||
| 082 | _aO152,3N104,AK, L4;P9 | ||
| 100 | _aरांगेय राघव, ले. | ||
| 245 | 0 | _aअॅंधेरे के जुगनू | |
| 246 | _aAॅandhere ke juganū | ||
| 260 |
_aनई दिल्ली _bभारतीय ज्ञानपीठ भारत _c2009 |
||
| 300 |
_a201पृ0 _ccm. |
||
| 490 | _aलोकोदय ग्रन्थमाला; ग्रन्थांक 999 | ||
| 650 | _a हिन्दी साहित्य | ||
| 650 | _aहिन्दी कहानी | ||
| 942 |
_hO152,3N104,AK, L4;P9 _cTEXL _2cc |
||
| 999 |
_c1019191 _d1019191 |
||